Computer graphics /
Salvato in:
| Autori principali: | , |
|---|---|
| Natura: | Libro |
| Lingua: | inglese |
| Pubblicazione: |
New York :
Prentice Hall,
[1987]
|
| Tags: |
Nessun Tag, puoi essere il primo ad aggiungerne!!
|
MARC
| LEADER | 00000nam a22000003a 4500 | ||
|---|---|---|---|
| 001 | stu2882 | ||
| 005 | 20150617225617.3 | ||
| 008 | 930120s1987----xxu-----------------eng-d | ||
| 040 | |a STU |b slo | ||
| 041 | 0 | |a eng | |
| 044 | |a xxu | ||
| 080 | |a 681.381.327.11 | ||
| 080 | |a 519.674 | ||
| 100 | 1 | |a Hearn, Donald |4 aut | |
| 245 | 1 | |a Computer graphics / |c [aut.] Hearn,D.; Baker,M.P | |
| 260 | |a New York : |b Prentice Hall, |c [1987] | ||
| 300 | |a 352 s | ||
| 700 | 1 | |a Baker, M.P. |4 aut | |
| 996 | |b I3894 |c I*3894 |l II680 |s A |a 24 |w stu2882_0002 | ||